MARC

LEADER 00000nas a2200000 a 4500
001 ssj0001672047
003 WaSeSS
005 20200512172242.0
006 m d
007 cr n
008 100125c20039999bl tr p s 0 0por c
010 |a  2011240135 
022 |a 1679-8740  |l 1679-8740 
035 |a (WaSeSS)ssj0001672047 
040 |a SHS  |b eng  |c SHS  |d OCLCQ  |d IXA  |d OCLCQ  |d OCLCO  |d OCLCF  |d OCLCO  |d OCLCQ  |d OCLCA  |d WaSeSS 
041 0 |a por  |b eng 
042 |a pcc 
043 |a s-bl--- 
130 0 |a Calidoscópio (São Leopoldo, Rio Grande do Sul, Brazil) 
245 1 0 |a Calidoscópio  |h [electronic resource] :  |b revista de lingüística aplicada. 
260 |a São Leopoldo, RS, Brasil :  |b UNISINOS, Programa de Pós-Graduação em Linguistica Aplicada 
310 |a Three times a year,  |b 2006- 
321 |a Semiannual,  |b 2003-2005 
362 1 |a Began in 2003? 
506 |a License restrictions may limit access. 
546 |a In Portuguese; abstracts in English and Portuguese. 
588 |a Description based on: Vol. 2, no. 2 (jul/dez 2004); title from caption (publisher's Web site viewed Apr. 27, 2011). 
588 |a Latest issue consulted: Vol. 7, no. 3 (set/dez 2009) (web site viewed Apr. 27, 2011). 
650 0 |a Applied linguistics  |v Periodicals. 
650 0 |a Applied linguistics  |z Brazil  |v Periodicals. 
650 0 |a Linguistics  |v Periodicals. 
650 0 |a Linguistics  |z Brazil  |v Periodicals. 
650 7 |a Applied linguistics.  |2 fast  |0 (OCoLC)fst00811758 
650 7 |a Linguistics.  |2 fast  |0 (OCoLC)fst00999202 
651 7 |a Brazil.  |2 fast  |0 (OCoLC)fst01206830 
655 0 |a Electronic journals. 
710 2 |a Universidade do Vale do Rio dos Sinos.  |b Programa de Pós-Graduação em Linguistica Aplicada. 
856 4 0 |z Full text available from Research Library: 01/01/2011 to present  |u https://search.proquest.com/publication/2040964